ՀՀ Գիտությունների ազգային ակադեմիայի հիմնարար գիտական գրադարան  =   Fundamental Scientific Library of NAS RA

Экономическая история Рима в ее источниках / (Record no. 331570)

MARC details
000 -LEADER
fixed length control field 00918nam a2200217 a 4500
001 - CONTROL NUMBER
control field 001002282
003 - CONTROL NUMBER IDENTIFIER
control field AM-YEHGA
005 - DATE AND TIME OF LATEST TRANSACTION
control field 20260204110600.0
008 - FIXED-LENGTH DATA ELEMENTS--GENERAL INFORMATION
fixed length control field 140213s1925 ru r 000 0 rus d
040 ## - CATALOGING SOURCE
Original cataloging agency AM-YEHGA
041 0# - LANGUAGE CODE
Language code of text/sound track or separate title rus
100 1# - MAIN ENTRY--PERSONAL NAME
Personal name Кончаловский, Дмитрий Петрович,
Dates associated with a name 1878-1952
245 10 - TITLE STATEMENT
Title Экономическая история Рима в ее источниках /
Statement of responsibility, etc. Д. П. Кончаловский.
260 ## - PUBLICATION, DISTRIBUTION, ETC.
Place of publication, distribution, etc. Москва ;
-- Ленинград :
Name of publisher, distributor, etc. Госиздат,
Date of publication, distribution, etc. 1925.
300 ## - PHYSICAL DESCRIPTION
Extent 118 с. ;
Dimensions 24 см.
490 #0 - SERIES STATEMENT
Series statement История в источниках. Пособия для практич. занятий
504 ## - BIBLIOGRAPHY, ETC. NOTE
Bibliography, etc. note Библиогр. : с. 112-113
650 14 - SUBJECT ADDED ENTRY--TOPICAL TERM
Topical term or geographic name entry element Экономическая история Рима
830 #0 - SERIES ADDED ENTRY--UNIFORM TITLE
Uniform title История в источниках. Пособия для практич. занятий
942 ## - ADDED ENTRY ELEMENTS (KOHA)
Source of classification or shelving scheme Universal Decimal Classification
Koha item type Գրքեր / Books
Holdings
Withdrawn status Lost status Source of classification or shelving scheme Damaged status Not for loan Collection Home library Current library Date acquired Total checkouts Full call number Barcode Date last seen Price effective from Koha item type Public note
    Universal Decimal Classification     General Fundamental Scientific Library Fundamental Scientific Library 09/01/2017   PII/481853 FL0280795 09/01/2017 09/01/2017 Գրքեր / Books 30 Days Loan
          Kusikian Individual Collection Fundamental Scientific Library Fundamental Scientific Library 29/10/2025   Кус/5187 FL0698112 29/10/2025 29/10/2025 Գրքեր / Books ILL Non-Circ.


ՀՀ ԳԱԱ հիմնարար գիտական գրադարան
ՀՀ,Երևան 0019
Մարշալ Բաղրամյան 24/6
հեռախոս:(374-10) 52-47-50
Հետադարձ կապ

All site content, except where otherwise noted, is licensed under a
Creative Commons License